000 01390nam a2200121Ia 4500
008 220620s9999||||xx |||||||||||||| ||und||
245 4 _aThe Rise of the Common City
_bOn the culture of commoning
546 _aEnglish[eng]
650 _aCity planning, urban studies, Urban development, mobility, culture, sociology, city studies, commoning Commons; Commoning; Culture; Creativity; City; Intimacy; Activism; Architecture; Enclosure; Brussels; Neoliberalism; Governmentality; Barcelona; Conviviality; Square dancing; public space; micro-space; China; Community; Autonomy; Autopoiesis; Buen Vivir; Spinoza; Generality; Specificity; Singularity; Feminism; Care; Reproduction; Intersectionality; Contemporary art; Post-politics; Agonistics; Hegemony Thailand; Orchestras; Sustainability; Alternative Models; Participation; Representation; Inclusion; European policy; Creative Europe; Creative Biotope; Policy; Imagination; Deliberation; Agonism; Politics; Urban Space
700 _aVolont, Louis||Lijster, Thijs||Gielen, Pascal
856 _uhttps://library.oapen.org/bitstream/20.500.12657/54670/1/10.46944.9789461173492.pdf||https://library.oapen.org/bitstream/20.500.12657/54670/1/10.46944.9789461173492.pdf||https://library.oapen.org/bitstream/20.500.12657/54670/12/10.46944.9789461173492.pdf||https://library.oapen.org/bitstream/20.500.12657/54670/12/10.46944.9789461173492.pdf
942 _cEB
999 _c24586
_d24586